Les entraîneurs de l'OM par saison - Statistiques

Statistiques générales
  • Ce quiz a été pris 95 fois
  • Le résultat moyen est 28 sur 61
Statistiques - réponses
Hint Réponse % Correct
2024-25 Roberto De Zerbi
98%
2025-26 Roberto De Zerbi
98%
2009-10 Didier Deschamps
93%
2010-11 Didier Deschamps
93%
2011-12 Didier Deschamps
93%
2016-17 Rudi Garcia
81%
2017-18 Rudi Garcia
81%
2018-19 Rudi Garcia
81%
2014-15 Marcelo Bielsa
80%
2015-16 Marcelo Bielsa
80%
2022-23 Igor Tudor
78%
2023-24 Jean-Louis Gasset
74%
2020-21 Jorge Sampaoli
74%
2021-22 Jorge Sampaoli
74%
2019-20 André Villas-Boas
73%
2020-21 André Villas-Boas
73%
2023-24 Gennaro Gattuso
69%
2023-24 Marcelino
68%
2015-16 Michel
65%
2016-17 Franck Passi
57%
2015-16 (intérim) Frank Passi
57%
2007-08 Eric Gerets
53%
2008-09 Eric Gerets
53%
1992-93 Raymond Goethals
53%
2023-24 (intérim) Pancho Abardonado
51%
2012-13 Élie Baup
49%
2013-14 Élie Baup
49%
2001-02 (intérim) José Anigo
47%
2003-04 José Anigo
47%
2004-05 José Anigo
47%
2013-14 José Anigo
47%
1997-98 Rolland Courbis
44%
1998-99 Rolland Courbis
44%
1999-00 Rolland Courbis
44%
2000-01 (intérim) Albert Emon
30%
2001-02 Albert Emon
30%
2004-05 (intérim) Albert Emon
30%
2006-07 Albert Emon
30%
2007-08 Albert Emon
30%
2020-21 (intérim) Nasser Larguet
28%
2002-03 Alain Perrin
27%
2003-04 Alain Perrin
27%
1992-93 Jean Fernandez
26%
2005-06 Jean Fernandez
26%
1994-95 (intérim) Gérard Gili
22%
1995-96 Gérard Gili
22%
1996-97 Gérard Gili
22%
2000-01 (intérim) Christophe Galtier
21%
1999-00 Bernard Casoni
20%
2000-01 Tomislav Ivic
19%
2001-02 Tomislav Ivic
19%
2004-05 Philippe Troussier
14%
2000-01 Abel Braga
12%
2000-01 Javier Clemente
12%
1993-94 Marc Bourrier
9%
1994-95 Marc Bourrier
9%
1994-95 Henri Stambouli
6%
1995-96 Henri Stambouli
6%
2001-02 (intérim) Josip Skoblar
5%
1994-95 Luka Peruzovic
4%
2001-02 (intérim) Marc Lévy
4%
Aucun quiz correspondant
Distribution des résultats
% des personnes avec chaque résultat
Percentile par nombre de réponses
Votre historique - résultats
Vous n’avez pas pris ce quiz